000 01154nam a22003377a 4500
003 CHAP
005 20220329141225.0
008 971010s1985 mx r 00010 spa d
010 _a64683
011 _a65655
035 _a72873
040 _cCHAP
090 _aFolleto 10874
100 0 0 _aArellano Rodríguez, José Alberto.
_96922
245 1 _aBibliografía sobre el achaparramiento del maíz
260 _aMérida, Yuc. :
_bINIA. Campo Agrícola Experimental Zona Henequenera,
_c1985
300 _a28 p.
590 _aBATCH-UPD
_b10
_c20130110
_lUCH01
_h0429
590 _aBATCH-UPD
_b10
_c20130110
_lUCH01
_h2131
590 _aBATCH-UPD
_b10
_c20130410
_lUCH01
_h0104
590 _aBATCH-UPD
_b10
_c20130410
_lUCH01
_h1543
590 _aBATCH-UPD
_b10
_c20130913
_lUCH01
_h1902
590 _aCONVERSION
_b10
_c20130109
_lUCH01
_h1335
650 1 4 _aAchaparramiento del maíz
_xBibliografía.
_9543
650 1 4 _aMaíz
_xEnfermedades por virus
_xBibliografia.
_970944
700 0 _aDíaz Plaza, Raúl.
_933594
700 0 _aRodríguez Rivero, Román.
_998841
901 _aBK
942 _cFOLL
949 _aFolleto 10874
_bBC
_cFOLL
_d-62358
_eTS1
_i72873
_si
999 _c64683
_d64683